• 首页
  • 本馆介绍
  • 公告通知
  • 最新文献
  • 馆藏检索
  • 电子资源
  • 读者导购
  • 参考咨询
  • 我的图书馆
  • 登录
  • 详细信息显示
  • 放入我的书架
  • 预约/预借图书
  • 作者相关作品
  • 分类相关作品
  • 丛书相关作品
  • 出版社相关作品

书目信息

  • 表格格式
  • 工作单格式
  • 卡片格式
题名:
超分子化学-合成受体的分子识别与组装
    
 
作者: 张衡益 , 刘育 , 尤长城 编著
分册:  
出版信息: 天津   南开大学出版社  2001
页数: 624
开本: 26cm
丛书名:
单 册:
中图分类: O631.1
科图分类:
主题词: 高聚物 , 高分子化学
电子资源:
ISBN: 7-310-01641-6
000 00724nam0 2200217 450
001 0754114953
005 20070929150154.95
010    @a7-310-01641-6
100    @a20070929d km y0chiy0120 ea
101 0  @achi
200 1  @a超分子化学-合成受体的分子识别与组装@Achao fen zi hua xue-he cheng shou ti de fen zi shi bie yu zu zhuang@f刘育,尤长城,张衡益 编著@Fliu yu,you chang cheng,zhang heng yi bian zhu
210    @a天津@c南开大学出版社@d2001
215    @a624@c插图@d26cm
606 0  @a高聚物
606 0  @a高分子化学
690    @aO631.1@v3
701  0 @a张衡益@Azhang heng yi@4编著
701  0 @a刘育@Aliu yu@4编著
701  0 @a尤长城@Ayou chang cheng@4编著
801  0 @aCN@bPFT@c20070929
905    @a213230@dO631.1@eh17@f1
    
    超分子化学-合成受体的分子识别与组装/刘育,尤长城,张衡益 编著.-天津:南开大学出版社,2001
    624:插图;26cm
    
    
    ISBN 7-310-01641-6:
    
●
相关链接 在E读中查询图书 在五车中查询图书 在当当中查询图书 在豆瓣中查询图书


正题名:超分子化学-合成受体的分子识别与组装     索取号:O631.1/h17         预约/预借

序号 登录号 条形码 馆藏地/架位号 状态 备注
1 6001521   260015218   化学系资料室/ [索取号:O631.1/h17] 在馆    
唐山师范学院图书馆 欢迎您!
大连网信软件有限公司© 版权所有